01113nam a2200265 a 450000100100000000500170001000800410002702000150006804000250008308200170010810000340012524500500015924600950020926000450030430000280034950000610037759000260043865000290046465000330049365000320052691000400055895201140059895201200071299900150083200000428320251111094609.0090721s2002 dr a 000 0 spa d a9993423386 aDO-SdBNPbspacBNPHU a235.3bF638m1 aFloripe Jiménez, Ana91265510aMi ángel mágico /cAna Floripe Jiménez.14aMi ángel mágico :bexperiencias propias y de otras personas, con ángeles celestiales aSanto Domingo :bAmigo del hogar,c2002. a113 p. :bil. ;c22 cm. aIncluye datos biográficos del autor en contracubierta. aInventariado, 2018/BT 0aÁngeles xCulto912656 0a Ángeles guardianes912657 4aExperiencia religiosa96844 aValidado. Control de calidad. BNPHU 0010718PDaPDbPDcHDd2009-07-21iLF1l0o235.3 F638mp4283-10r2020-06-25w2020-06-25yLFPDZNo se presta 0010718PDaPDbPDcHDd2009-07-21iLF1l0o235.3 F638mp4283-20r2020-06-25te. 2w2020-06-25yLFPDZNo se presta c4093d4093